Statystyki dla Wiedza na mapie #3 W jakim województwie leży to miasto?

Kliknij tutaj aby rozwiązać quiz!

Ogólne statystyki

  • Ten quiz został rozwiązany 293 razy
  • Średni wynik to 32 z 36

Statystyki odpowiedzi

HintOdpowiedź% Poprawnych
GdańskPomorskie
99%
WrocławDolnośląskie
96%
KatowiceŚląskie
96%
KrakówMałopolskie
95%
WarszawaMazowieckie
95%
ŁódźŁódzkie
94%
LublinLubelskie
94%
GdyniaPomorskie
94%
ToruńKujawsko-pomorskie
93%
OpoleOpolskie
93%
SzczecinZachodniopomorskie
93%
BiałystokPodlaskie
92%
Ruda ŚląskaŚląskie
92%
BydgoszczKujawsko-pomorskie
91%
ZabrzeŚląskie
90%
OlsztynWarmińsko-mazurskie
90%
CzęstochowaŚląskie
89%
SosnowiecŚląskie
88%
GliwiceŚląskie
88%
PoznańWielkopolskie
88%
Gorzów WielkopolskiLubuskie
87%
RzeszówPodkarpackie
87%
Zielona GóraLubuskie
86%
RadomMazowieckie
85%
Dąbrowa GórniczaŚląskie
85%
ChorzówŚląskie
83%
RybnikŚląskie
83%
KielceŚwiętokrzyskie
83%
ElblągWarmińsko-mazurskie
83%
PłockMazowieckie
81%
TychyŚląskie
81%
KoszalinZachodniopomorskie
81%
BytomŚląskie
80%
Bielsko-BiałaŚląskie
80%
WałbrzychDolnośląskie
74%
WłocławekKujawsko-pomorskie
74%

Rozkład punktacji

Percentyl według liczby udzielonych odpowiedzi

Procent ludzi z każdym wynikiem

Twoja historia wyników

Nie rozwiązałeś tego quizu